[Event "Bucharest Caissa"]
[Site "Bucharest"]
[Date "1993.??.??"]
[Round "2"]
[White "Leko, Peter"]
[Black "Farkas, Tibor"]
[Result "1-0"]
[WhiteElo "2465"]
[BlackElo "2370"]

1.e4 c5 2.Nf3 d6 3.d4 cxd4 4.Nxd4 Nf6 5.Nc3 a6 6.Be3 e5 7.Nb3 Be6 8.f4 Qc7
9.f5 Bc4 10.Qf3 Nbd7 11.g4 h6 12.O-O-O b5 13.Kb1 Rc8 14.Bxc4 Qxc4 15.Nd2 Qc6
16.Rc1 Nb6 17.Bxb6 Qxb6 18.h4 b4 19.Nd5 Nxd5 20.exd5 a5 21.f6 gxf6 22.Qxf6 Rg8
23.Ne4 Rc4 24.Qf5 Be7 25.Rcf1 Rf8 26.b3 Rc7 27.g5 Qb5 28.gxh6 Qxd5 29.h7 Qc6
30.Rh2 a4 31.Nf6+ Kd8 32.Ng8 a3 33.Qd3  1-0

[Event "Bucharest Caissa"]
[Site "Bucharest"]
[Date "1993.??.??"]
[Round "5"]
[White "Zak, Uriel"]
[Black "Leko, Peter"]
[Result "1/2-1/2"]
[WhiteElo "2305"]
[BlackElo "2465"]

1.d4 Nf6 2.c4 c5 3.dxc5 e6 4.Nf3 Bxc5 5.Nc3 O-O 6.e3 b6 7.Be2 Bb7 8.O-O Be7
9.b3 a6 10.Bb2 Qc7 11.Nd4 d6 12.Bf3 Nbd7 13.Bxb7 Qxb7 14.Qf3 Qxf3 15.Nxf3 Rfc8
16.Rfd1 Rab8 17.Rac1 b5 18.cxb5 axb5 19.Nd4 b4 20.Na4 Nc5 21.Nxc5 dxc5 22.Ne2 Nd5
23.Rc2 Ra8 24.Ra1 Nb6 25.Kf1 f6 26.f4 Kf7 27.Kf2 h6 28.a3 c4 29.axb4 cxb3
30.Rxc8 Rxc8 31.Ra3 Nc4 32.Rxb3 Nd2 33.Rd3 Bxb4 34.Rd7+ Kg6 35.Rb7 Bf8 36.Bd4 Nc4
37.Rb5 h5 38.g3 Nd6 39.Rb6 Kf5 40.h3 e5 41.fxe5 fxe5 42.g4+ hxg4 43.hxg4+ Ke6
44.Bc3 Kd5 45.Kf3 Be7 46.Bb4 Rf8+ 47.Kg2 Ne4 48.Ng3 Bxb4 49.Rxb4 Nd6 50.Ra4 g6
51.Ra5+ Ke6 52.Ra6 Kd7 53.Ra7+ Ke6 54.Ra6 Ke7 55.Ra7+ Ke6 56.Ra6 Kd5 57.Ra5+ Ke6
58.Ra6 Ke7 59.Ra7+ Ke6 60.Ra6 Kd5 61.Ra5+ Ke6 62.Ra6 Kd7 63.Ra7+  1/2-1/2

[Event "Bucharest Caissa"]
[Site "Bucharest"]
[Date "1993.??.??"]
[Round "7"]
[White "Schipkov, Boris"]
[Black "Leko, Peter"]
[Result "0-1"]
[WhiteElo "2345"]
[BlackElo "2465"]

1.d4 Nf6 2.c4 g6 3.Nc3 d5 4.Nf3 Bg7 5.Bg5 Ne4 6.cxd5 Nxg5 7.Nxg5 e6 8.Qd2 exd5
9.Qe3+ Kf8 10.g3 Bf6 11.f4 Kg7 12.Bg2 c6 13.Rd1 Bf5 14.O-O Nd7 15.Nf3 Be7
16.h3 h5 17.Ne5 Nf6 18.Nf3 Re8 19.Nh4 Qd7 20.Nxf5+ Qxf5 21.Qd3 Qd7 22.f5 Bb4
23.fxg6 fxg6 24.e4 Bxc3 25.e5 Rxe5 26.dxe5 Bxe5 27.b3 Qd6 28.Qe3 b6 29.Rd3 Re8
30.Qg5 Nh7 31.Qh4 Re7 32.Kh1 Nf6 33.Re1 Re8 34.Rc1 c5 35.Rf1 Re7 36.Qg5 d4
37.a4 a6 38.Rc1 Re8 39.Rf1 b5 40.axb5 axb5 41.Qc1 Bxg3 42.Qg5 Be5 43.Rg1 Bf4
44.Qh4 g5 45.Bb7 Kh6 46.Qf2 Be3 47.Qg3 Qxg3 48.Rxg3 c4 49.bxc4 bxc4 50.Rd1 Ne4
51.Bxe4 Rxe4 52.Rg2 Re6 53.Rc2 Rc6 54.Kg2 g4 55.hxg4 hxg4 56.Kg3 Kg5 57.Ra2 Kf5
58.Ra8 c3  0-1

[Event "Bucharest Caissa"]
[Site "Bucharest"]
[Date "1993.??.??"]
[Round "9"]
[White "Csom, Istvan"]
[Black "Leko, Peter"]
[Result "1/2-1/2"]
[WhiteElo "2520"]
[BlackElo "2465"]

1.Nf3 Nf6 2.g3 g6 3.Bg2 Bg7 4.O-O c5 5.c3 O-O 6.d4 cxd4 7.cxd4 d5 8.Nc3 e6
9.b3 Bd7 10.Bb2 Bc6 11.e3 Nbd7 12.Rc1  1/2-1/2

[Event "Bucharest Caissa"]
[Site "Bucharest"]
[Date "1993.??.??"]
[Round "10"]
[White "Anka, Emil"]
[Black "Leko, Peter"]
[Result "1/2-1/2"]
[WhiteElo "2395"]
[BlackElo "2465"]

1.e4 c5 2.Nc3 Nc6 3.f4 g6 4.Nf3 Bg7 5.Bc4 e6 6.O-O Nge7 7.d3 O-O 8.Bb3 Na5
9.e5 d5 10.exd6 Qxd6 11.Ne4 Qc7 12.Qe1 Nf5 13.Bd2 Nxb3 14.axb3 b6 15.c3 Bb7
16.g4 Nd6 17.Qh4 Nxe4 18.dxe4 f6 19.Rae1 Rad8 20.Re2 Rd3 21.Ne1 Rd7 22.f5 exf5
23.gxf5 Re8 24.Bf4 g5 25.Qh5 Qd8 26.Bxg5 Rxe4 27.Rxe4 Bxe4 28.Bh4 Bf8 29.Qe2 Rg7+
30.Bg3 Qd5 31.Rf4 Bxf5 32.Ng2 Bd3 33.Ne3 Qd8 34.Qf3 Bg6 35.Rxf6 Rd7 36.Qf4 Bg7
37.Rd6 Qe8 38.Rxd7 Qxd7 39.Qd6 Qxd6 40.Bxd6 Bf7 41.Bb8 a6 42.Ba7 b5 43.Bxc5 Bxb3
44.Nf5 Be5 45.Bd6  1/2-1/2

[Event "Bucharest Caissa"]
[Site "Bucharest"]
[Date "1993.??.??"]
[Round "11"]
[White "Leko, Peter"]
[Black "Stajcic, Nikola"]
[Result "1/2-1/2"]
[WhiteElo "2465"]
[BlackElo "2270"]

1.e4 d6 2.d4 Nf6 3.Nc3 g6 4.Bg5 h6 5.Be3 Bg7 6.f3 Nc6 7.Qd2 e5 8.d5 Ne7 9.O-O-O Nd7
10.g4 f5 11.gxf5 gxf5 12.Kb1 Nf6 13.Bb5+ Bd7 14.Bxd7+ Qxd7 15.Nge2 f4 16.Bf2 a6
17.Nc1 Qh3 18.Qe2 Nh7 19.Nd3 Bf6 20.Ne1 Rg8 21.Qc4 Kd7 22.Ne2 Bh4 23.Bxh4 Qxh4
24.Qa4+ b5 25.Qb3 Qf2 26.Nc3 Ng5 27.a4 b4 28.Qxb4 Nxf3 29.Nxf3 Qxf3 30.a5 Qe3
31.Qa4+ Kd8 32.Qc4 Rg2 33.Rhe1 Qa7 34.Na2 Rb8 35.Rd3 Rg1 36.Rdd1 Rg2 37.b3 Rb5
38.Nc3 Rb8 39.Na2 Rb5 40.Nc3 Rb8  1/2-1/2

[Event "Bucharest Caissa"]
[Site "Bucharest"]
[Date "1993.??.??"]
[Round "12"]
[White "Szalanczy, Emil"]
[Black "Leko, Peter"]
[Result "1/2-1/2"]
[WhiteElo "2365"]
[BlackElo "2465"]

1.e4 c5 2.Nf3 d6 3.d4 cxd4 4.Nxd4 Nf6 5.Nc3 Nc6 6.Be3 Ng4 7.Bg5 h6 8.Bh4 g5
9.Bg3 Bg7 10.Nb3 Be6 11.Be2 Bxc3+ 12.bxc3 Nge5 13.O-O Qd7 14.Bd3 Rc8 15.Qe2 a6
16.f3 Ng6 17.Nd4 Nce5 18.Nxe6 Qxe6 19.Qd2 Qf6 20.Rab1 Rc7 21.Bf2 h5 22.Bb6 Rd7
23.Bd4 h4 24.h3 Nf4 25.Rb6 O-O 26.Qe3 Rc8 27.Rfb1 Rcc7 28.Bf1 Qe6 29.R1b3 Kh7
30.Bd3 f6 31.R6b4 Kg7 32.Bb6 Rc6 33.Bd4 Rcc7 34.Bb6 Rc6 35.Bd4  1/2-1/2

[Event "Bucharest Caissa"]
[Site "Bucharest"]
[Date "1993.??.??"]
[Round "13"]
[White "Leko, Peter"]
[Black "Zagrebelny, Sergey"]
[Result "1/2-1/2"]
[WhiteElo "2465"]
[BlackElo "2490"]

1.e4 e5 2.Nf3 Nc6 3.Bb5 a6 4.Ba4 Nf6 5.O-O Be7 6.Re1 b5 7.Bb3 O-O 8.c3 d6
9.h3 Bb7 10.d4 Re8 11.Ng5 Rf8  1/2-1/2

[Event "Budapest FS10 GM"]
[Site "Budapest"]
[Date "1993.??.??"]
[Round "1"]
[White "Grivas, Efstratios"]
[Black "Leko, Peter"]
[Result "1/2-1/2"]
[WhiteElo "2505"]
[BlackElo "2555"]

1.d4 Nf6 2.c4 c5 3.d5 b5 4.Nf3 Bb7 5.Nfd2 bxc4 6.e4 d6 7.Bxc4 Nbd7 8.O-O g6
9.Nc3 Bg7 10.Re1 O-O 11.Bf1 Nb6 12.a4 a5 13.Nc4 Nfd7 14.Bg5 Nxc4 15.Bxc4 Ba6
16.Bxa6 Rxa6 17.Qe2 Ra8 18.Rac1 Nb6 19.b3 Qd7 20.Nb5 Rfb8 21.Qc2 Rb7 22.Bd2 Qd8
23.h3 Nd7 24.Rb1 Nb8 25.Rec1 Na6 26.Qd1 Nc7 27.Na3 Na6 28.Nb5 Nc7 29.Na3 Na6
30.Nb5  1/2-1/2

[Event "Budapest FS04 GM"]
[Site "Budapest"]
[Date "1993.??.??"]
[Round "3"]
[White "Leko, Peter"]
[Black "Szalanczy, Emil"]
[Result "1/2-1/2"]
[WhiteElo "2465"]
[BlackElo "2365"]

1.e4 c5 2.Nf3 d6 3.d4 cxd4 4.Nxd4 Nf6 5.Nc3 g6 6.Be3 Bg7 7.f3 Nc6 8.Qd2 O-O
9.Bc4 Bd7 10.O-O-O Rc8 11.Bb3 Ne5 12.Bg5 Qa5 13.Rhe1 Rc5 14.f4 Nc6 15.Nf3 Bg4
16.Kb1 Rc8 17.Nd5 Nxd5 18.exd5 Nb4 19.a3 Rxc2 20.Bxc2 Rxc2 21.Qxb4 Qxb4 22.axb4 Rxb2+
23.Kc1 Rxg2 24.Rg1 Rxg1 25.Nxg1 Bxd1 26.Kxd1 e6 27.dxe6 fxe6 28.Kc2 Kf7 29.Kd3 a6
30.Ne2 e5 31.fxe5 Bxe5 32.Nf4 Ke8 33.Ke4 Kd7 34.Kd5 Kc7 35.h3 Kb6 36.Nd3 Bg3
37.Nb2 Kb5 38.Bd2 g5 39.Nc4 h5 40.Na5 Bf4 41.Be1 b6 42.Nc6 g4 43.hxg4 hxg4
44.Nd4+ Ka4 45.Kc6 g3 46.Ne2  1/2-1/2

[Event "Budapest FS10 GM"]
[Site "Budapest"]
[Date "1993.??.??"]
[Round "4"]
[White "Leko, Peter"]
[Black "Sadler, Matthew"]
[Result "0-1"]
[WhiteElo "2555"]
[BlackElo "2535"]

1.e4 c5 2.Nf3 d6 3.d4 cxd4 4.Nxd4 Nf6 5.Nc3 a6 6.Be3 e5 7.Nb3 Be6 8.f4 exf4
9.Bxf4 Nc6 10.Qd2 d5 11.exd5 Nxd5 12.Nxd5 Qxd5 13.O-O-O Qxd2+ 14.Rxd2 Rd8
15.Rxd8+ Kxd8 16.Be2 Be7 17.Bf3 Kc8 18.Rd1 h5 19.Bd6 Bg5+ 20.Kb1 Bg4 21.Nd4 Nxd4
22.Rxd4 Bxf3 23.gxf3 Re8 24.a4 Bd8 25.Rd3 Re2 26.b4 g5 27.b5 h4 28.Kb2 f5
29.h3 f4 30.Kb3 axb5 31.axb5 Rh2 32.Kc4 Rxh3 33.Kd4 Rh1 34.Be5 Re1 35.Kd5 Re3
36.Rd1 Rxf3 37.Ra1 Bc7 38.Ra8+ Kd7 39.Bf6 Rf2 40.Bxg5 h3 41.Rh8 h2 42.Rh7+ Ke8
43.Ke4 Rxc2 44.Kf3 Rc3+ 45.Kf2 Bb6+ 46.Kf1 h1=Q+ 47.Rxh1 Rc1+ 48.Kg2 f3+
49.Kh2 Bc7+  0-1

[Event "Budapest FS10 GM"]
[Site "Budapest"]
[Date "1993.??.??"]
[Round "5"]
[White "Kalesis, Nikolaos"]
[Black "Leko, Peter"]
[Result "1/2-1/2"]
[WhiteElo "2410"]
[BlackElo "2555"]

1.e4 c5 2.Nf3 Nc6 3.d4 cxd4 4.Nxd4 g6 5.c4 Nf6 6.Nc3 d6 7.Be2 Nxd4 8.Qxd4 Bg7
9.Bg5 Qa5 10.Bd2 Qb6 11.Qxb6 axb6 12.f3 Be6 13.Kf2 Nd7 14.Rhc1 f5 15.exf5 gxf5
16.b3 O-O 17.a4 Nc5 18.Rab1 f4 19.Nd5 Bxd5 20.cxd5 Bd4+ 21.Kf1 Be5 22.Bb5 Kg7
23.Rc2 Kf6 24.b4 Na6 25.Rc4 e6 26.dxe6 d5 27.Rc2 Kxe6 28.Bd3  1/2-1/2

[Event "Budapest FS10 GM"]
[Site "Budapest"]
[Date "1993.??.??"]
[Round "6"]
[White "Leko, Peter"]
[Black "Urban, Julian"]
[Result "1-0"]
[WhiteElo "2555"]
[BlackElo "2340"]

1.e4 e5 2.Nf3 d6 3.d4 exd4 4.Nxd4 Nf6 5.Nc3 Be7 6.Bf4 O-O 7.Qd2 a6 8.O-O-O d5
9.exd5 Nxd5 10.Nxd5 Qxd5 11.Nb3 Qc6 12.Kb1 Qa4 13.Bxc7 Nc6 14.Qf4 Qxf4 15.Bxf4 Be6
16.Bd3 a5 17.Be4 Rfd8 18.Be3 Nb4 19.Rxd8+ Rxd8 20.Bb6 Ra8 21.a3 Nd5 22.Bd4 f5
23.Bf3 Kf7 24.Re1 g5 25.Bh5+  1-0

[Event "Budapest FS03 GM"]
[Site "Budapest"]
[Date "1993.??.??"]
[Round "8"]
[White "Szalanczy, Emil"]
[Black "Leko, Peter"]
[Result "0-1"]
[WhiteElo "2365"]
[BlackElo "2555"]

1.e4 c5 2.Nf3 Nc6 3.d4 cxd4 4.Nxd4 Nf6 5.Nc3 d6 6.Be3 Ng4 7.Bg5 h6 8.Bh4 g5
9.Bg3 Bg7 10.Nb3 Be6 11.Be2 Bxc3+ 12.bxc3 Nge5 13.O-O Qd7 14.Qc1 Bc4 15.Bxc4 Nxc4
16.Rd1 N6e5 17.Rd5 Qc7 18.Qf1 Rc8 19.Rad1 a6 20.h3 Rg8 21.Qe1 Kf8 22.R1d4 Nb6
23.Ra5 Nc6 24.Rc5 Nd7 25.Rxc6 Qxc6 26.e5 dxe5 27.Bxe5 Nxe5 28.Qxe5 Qe6 29.Qxe6 fxe6
30.c4 Kf7 31.c5 Rgd8 32.Rb4 Rd1+ 33.Kh2 Rc7 34.a4 Rb1 35.Rc4 b6 36.Nd2 b5
37.axb5 axb5 38.Rc3 Rb4 39.f3 Rd4 40.Ne4 b4 41.Rb3 Rc4 42.Kg3 Kg6 43.Rb2 Rd7
44.Kf2 Kf5 45.Ke3 Ke5 46.Nf2 Kd5 47.Nd3 Rb7 48.c6 Rb5 49.c7 Kd6 50.Nxb4 Kxc7
51.c3 Rxc3+ 52.Kd4 Rc1 53.Rb3 Kd6 54.Ke3 Rc4 55.Rd3+ Ke5 56.Na2 Rb2 57.Ra3 Rxg2
58.Nc3 Kf6 59.Ne4+ Kf7 60.Ra7 Rc6 61.Ra3 Rh2 62.Nf2 Rc2 63.Ng4 Rxh3 64.Ne5+ Kf6
65.Ng4+ Kg7 66.Ra7 Rc3+ 67.Ke4 Rcxf3 68.Ne5 Rf4+  0-1

[Event "Budapest FS04 GM"]
[Site "Budapest"]
[Date "1993.??.??"]
[Round "8"]
[White "Fogarasi, Tibor"]
[Black "Leko, Peter"]
[Result "0-1"]
[WhiteElo "2395"]
[BlackElo "2465"]

1.d4 Nf6 2.c4 g6 3.Nc3 d5 4.Nf3 Bg7 5.e3 O-O 6.Be2 c5 7.O-O cxd4 8.exd4 Nc6
9.Re1 Be6 10.c5 Ne4 11.Bd3 Nxc3 12.bxc3 b6 13.cxb6 axb6 14.a4 Qc7 15.Ba3 Bf6
16.h3 Rfc8 17.Rb1 Na5 18.Bb4 Nc4 19.Bc2 Qf4 20.Qe2 Ra7 21.Ne5 Bxe5 22.dxe5 Qg5
23.Kh1 Bd7 24.Ra1 e6 25.Bb3 Na5 26.Bc2 Rca8 27.Rab1 Nb7 28.Bd6 Qd8 29.Qe3 Nxd6
30.exd6 Bxa4 31.Bxa4 Rxa4 32.Qxb6 R4a6 33.Qxd8+ Rxd8 34.c4 dxc4 35.Rec1 Ra2
36.Rxc4 Rxd6 37.Rf4 Rd7 38.Kg1 Kg7 39.h4 f5 40.Re1 Kf6 41.Rb4 Rdd2 42.Rf1 h6
43.g3 g5 44.hxg5+ hxg5 45.g4 f4 46.Kg2 Re2 47.Rb6 Rac2 48.Kf3 Red2 49.Ra6 Rc3+
50.Kg2 Rg3+ 51.Kh1 Rxg4 52.Re1 Rh4+ 53.Kg2 Kf5 54.Rexe6 Kg4 55.Ra4 Rh3 56.Re1 Rg3+
57.Kf1 Rf3 58.Re2 Rxe2 59.Kxe2 Rb3 60.Ra1 f3+  0-1

[Event "Budapest FS10 GM"]
[Site "Budapest"]
[Date "1993.??.??"]
[Round "8"]
[White "Leko, Peter"]
[Black "Dao Thien Hai"]
[Result "1-0"]
[WhiteElo "2555"]
[BlackElo "2565"]

1.e4 d6 2.d4 Nf6 3.Nc3 g6 4.Bg5 c6 5.Qd2 b5 6.Bd3 h6 7.Bh4 Nbd7 8.f4 b4 9.Nce2 e5
10.dxe5 dxe5 11.Nf3 Be7 12.fxe5 Nh5 13.Bxe7 Qxe7 14.e6 Qxe6 15.Ned4 Qd6 16.e5 Qd5
17.e6 Ndf6 18.O-O Kf8 19.exf7 Kg7 20.Rae1 Rf8 21.Re5 Qd6 22.Bc4 Rd8 23.Re8 Rxe8
24.Nf5+ Bxf5 25.Qxd6 Rf8 26.Nd4 Bd7 27.Be6 Rad8 28.Bxd7 Rxd7 29.Ne6+  1-0

[Event "Budapest FS10 GM"]
[Site "Budapest"]
[Date "1993.??.??"]
[Round "9"]
[White "Avrukh, Boris"]
[Black "Leko, Peter"]
[Result "1/2-1/2"]
[WhiteElo "2440"]
[BlackElo "2555"]

1.d4 Nf6 2.c4 g6 3.Nc3 d5 4.Nf3 Bg7 5.Bg5 Ne4 6.cxd5 Nxg5 7.Nxg5 e6 8.Nf3 exd5
9.e3 Qd6 10.Be2 O-O 11.O-O c6 12.Ne1 Bf5 13.Nd3 Bxd3 14.Qxd3 Nd7 15.b4 b5
16.a4 a6 17.Rfb1 Nb6 18.Ra2 f5 19.g3 Kh8 20.Qd1 g5 21.Bd3 Qf6 22.Qh5 h6 23.axb5 axb5
24.Rba1 Rxa2 25.Rxa2 f4 26.exf4 gxf4 27.Ne2 fxg3 28.Nxg3 Nc4 29.Qf5 Qxf5
30.Nxf5 Rf6 31.Ra8+ Bf8 32.Nxh6 Kg7 33.Nf5+ Kf7 34.Ra7+ Ke8 35.h4 Bxb4 36.h5 Bd2
37.Kf1 Nd6 38.Nxd6+ Rxd6 39.Ke2 Bh6 40.Bf5 Kf8 41.Rc7  1/2-1/2

[Event "Budapest FS04 GM"]
[Site "Budapest"]
[Date "1993.??.??"]
[Round "11"]
[White "Leko, Peter"]
[Black "Varga, Zoltan"]
[Result "1/2-1/2"]
[WhiteElo "2465"]
[BlackElo "2450"]

1.e4 e6 2.d4 d5 3.exd5 exd5 4.Nf3 Bd6 5.c4 c6 6.Bd3 Ne7 7.O-O O-O 8.Nc3 dxc4
9.Bxc4 Nd7 10.Re1 Nb6 11.Bb3 Nbd5 12.h3 Bf5 13.Ne4 Bxe4 14.Rxe4  1/2-1/2

[Event "HUN-ch"]
[Site "HUN"]
[Date "1993.??.??"]
[Round "10"]
[White "Petran, Pal"]
[Black "Leko, Peter"]
[Result "1/2-1/2"]
[WhiteElo "2440"]
[BlackElo "2555"]

1.Nf3 Nf6 2.c4 g6 3.Nc3 d5 4.cxd5 Nxd5 5.Qa4+ Bd7 6.Qh4 Bc6 7.Qd4 f6 8.e3 Bg7
9.Be2 e5 10.Qc4 Nb6 11.Qb3 Qe7 12.O-O Qf7 13.d4 e4 14.Nd2 Qxb3 15.axb3 f5
16.Nc4 Nd5 17.Na5 Ne7 18.b4 a6 19.Rd1 b6 20.Nxc6 Nexc6 21.b5 Nb4 22.Bd2 a5
23.Ra4 Bf8 24.f3 exf3 25.Bxf3 Ra7 26.Ne2 c5 27.bxc6 N8xc6 28.Bc3 Rg8 29.d5 Nd8
30.Nd4 Bc5  1/2-1/2

[Event "HUN-ch"]
[Site "HUN"]
[Date "1993.??.??"]
[Round "11"]
[White "Leko, Peter"]
[Black "Varga, Zoltan"]
[Result "1-0"]
[WhiteElo "2555"]
[BlackElo "2475"]

1.e4 c5 2.Nf3 d6 3.d4 cxd4 4.Nxd4 e5 5.Bb5+ Nd7 6.Nf5 a6 7.Bxd7+ Qxd7 8.Nc3 Qc6
9.Ne3 Nf6 10.Qd3 Be6 11.O-O Rc8 12.a4 g6 13.Rd1 Be7 14.a5 O-O 15.Bd2 Nxe4
16.Ned5 Bd8 17.Qxe4 f5 18.Qd3  1-0

[Event "Leon"]
[Site "Leon"]
[Date "1993.??.??"]
[Round "2"]
[White "Romero Holmes, Alfonso"]
[Black "Leko, Peter"]
[Result "0-1"]
[WhiteElo "2210"]
[BlackElo "2465"]

1.e4 c5 2.Nf3 Nc6 3.d4 cxd4 4.Nxd4 g6 5.Nb3 Bg7 6.Be2 Nf6 7.Nc3 d6 8.O-O O-O
9.Re1 Be6 10.Bg5 h6 11.Bh4 g5 12.Bg3 d5 13.Nc5 d4 14.Nb5 Bc8 15.e5 Nd7 16.Nxd7 Bxd7
17.Bc4 Qb6 18.e6 Bxe6 19.Rxe6 fxe6 20.Nc7 Rac8 21.Bxe6+ Kh8 22.Bxc8 Rxc8
23.Ne6 Qxb2 24.Nxg7 Kxg7 25.h4 Rd8 26.hxg5 hxg5 27.Rb1 Qxa2 28.Rb5 Rd5 29.Rxb7 Ra5
30.Qe2 Qf7 31.Qe1 Qf6 32.Rb1 Rc5 33.Qe2 Qf5 34.Rb7 Rxc2 35.Qh5 Rc1+ 36.Kh2 Qh7
37.Be5+ Kg8 38.Qxh7+ Kxh7 39.Bxd4 Nxd4 40.Rxe7+ Kg6 41.Rxa7 Rc2 42.Ra4 Ne6
43.Kg3 Nc5 44.Rb4 Rxf2  0-1

[Event "Lippstadt"]
[Site "Lippstadt"]
[Date "1993.??.??"]
[Round "?"]
[White "Leko, Peter"]
[Black "Mainka, Romuald"]
[Result "1/2-1/2"]
[WhiteElo "2465"]
[BlackElo "2515"]

1.e4 e5 2.Nf3 Nc6 3.d4 exd4 4.Nxd4 Nf6 5.Nxc6 bxc6 6.e5 Qe7 7.Qe2 Nd5 8.Nd2 Qe6
9.g3 Nb4 10.Nf3 Qg6 11.Kd1 Ba6 12.c4 c5 13.Bg2 O-O-O 14.a3 Nc6 15.Bd2 Be7
16.Re1 d5 17.exd6 Rxd6 18.Qe4 Rhd8 19.Qxg6 hxg6 20.b3 Bf6 21.Ra2 Na5 22.Re3 Rb6
23.Ne5 Rxb3 24.Nc6 Rxe3 25.Bh3+ Rd7 26.Bxd7+ Kxd7 27.Nb8+ Kc8 28.Nxa6 Re6
29.Nxc7 Rd6 30.Nb5 Rd7 31.Rc2 Nb3 32.a4 a6 33.Na3 Kc7 34.Nb1 Nd4 35.Ra2 Nc6
36.Ke2 Nb4 37.Bxb4 cxb4 38.Rd2 Re7+ 39.Kd1 Kc6 40.Kc2 Kc5 41.Kb3 Re1 42.Rd5+ Kc6
43.Nd2 Bc3 44.a5 Re2 45.Nf3 Rb2+ 46.Ka4 Ra2+ 47.Kb3 Ra3+ 48.Kc2 Ra2+ 49.Kb3 Rxf2
50.Ne5+ Bxe5 51.Rxe5 Rxh2 52.Re7 Rf2 53.Kxb4 Rb2+ 54.Kc3 Rb7 55.Re1 Rd7 56.Rb1 Re7
57.Kd4 Rb7 58.Re1 Rd7+ 59.Kc3 Rb7  1/2-1/2

[Event "Lippstadt"]
[Site "Lippstadt"]
[Date "1993.??.??"]
[Round "?"]
[White "Leko, Peter"]
[Black "Wehmeier, Stefan"]
[Result "1/2-1/2"]
[WhiteElo "2465"]
[BlackElo "2320"]

1.e4 e5 2.Nf3 Nf6 3.d4 Nxe4 4.Bd3 d5 5.Nxe5 Nd7 6.Nxd7 Bxd7 7.O-O Be7 8.c4 Nf6
9.Qb3 O-O 10.cxd5 Bd6 11.Nd2 Bg4 12.h3 Bh5 13.Qxb7 Nxd5 14.g3 Nb4 15.Qb5 Nxd3
16.Qxh5 Bxg3 17.Qf3 Nxc1 18.Raxc1 Bd6 19.Kh1 Rb8 20.b3 Qh4 21.Ne4 Rb5 22.Rg1 Kh8
23.Nxd6 cxd6 24.Rc7 Kg8 25.Rg4 Qh6 26.Rxa7 Qe6 27.Ra8 g6 28.Rxf8+ Kxf8 29.Qe3 Qf5
30.Rg1 Kg7 31.Rc1 Qh5 32.Kh2 Rf5 33.Rc3 Qd1 34.Kg2 h6 35.Rc1 Qh5 36.Rg1 Rg5+
37.Kh2 Rf5 38.Rg4 Ra5 39.a4 Qd5 40.Rg3 Ra7 41.Qc3 Ra6 42.h4 Ra7 43.Kg1 Kh7
44.Rf3 Qe4 45.Rh3 Re7 46.h5 Qg4+ 47.Kh2 Qf4+ 48.Kg2 Qg4+ 49.Qg3 Qe4+ 50.Kh2 Qxd4
51.hxg6+ fxg6 52.Rh4 Qd5 53.Qf4 h5 54.Qd4 Qxb3 55.Qxd6 Qe6 56.Qg3 Qe5 57.Rf4 Kh6  1/2-1/2

[Event "Lippstadt"]
[Site "Lippstadt"]
[Date "1993.??.??"]
[Round "?"]
[White "Leko, Peter"]
[Black "Hoffmann, Michael"]
[Result "0-1"]
[WhiteElo "2465"]
[BlackElo "2460"]

1.e4 c5 2.Nf3 d6 3.d4 cxd4 4.Nxd4 Nf6 5.Nc3 a6 6.Be3 e6 7.f3 b5 8.Qd2 Nbd7
9.g4 Nb6 10.g5 Nfd7 11.O-O-O Bb7 12.Qg2 Ne5 13.Kb1 Rc8 14.Nce2 Qc7 15.Ng3 d5
16.Bc1 Nec4 17.Bd3 Bc5 18.Nb3 Be3 19.Bxc4 Nxc4 20.exd5 Bxc1 21.d6 Bxf3 22.Qf2 Nxd6
23.Rxc1 Bxh1 24.Rxh1 O-O 25.h4 Nf5 26.Nxf5 exf5 27.Qxf5 Rfe8 28.Rf1 Re5 29.Qf2 Qc4
30.Nd4 Rce8 31.b3 Qxf1+ 32.Qxf1 Re1+ 33.Qxe1 Rxe1+ 34.Kb2 Re4 35.Nf5 g6 36.Nd6 Rxh4
37.c4 bxc4 38.bxc4 Kf8  0-1

[Event "Lippstadt"]
[Site "Lippstadt"]
[Date "1993.??.??"]
[Round "?"]
[White "Petrosian, Arshak B"]
[Black "Leko, Peter"]
[Result "1/2-1/2"]
[WhiteElo "2490"]
[BlackElo "2465"]

1.d4 Nf6 2.c4 c5 3.d5 b5 4.cxb5 a6 5.bxa6 g6 6.Nc3 Bxa6 7.g3 Bg7 8.Nh3 d6
9.Nf4 Nbd7 10.h4 h5 11.Bg2 O-O 12.O-O Nb6 13.Qc2 Ra7 14.b3 Qa8 15.Bb2 Rb8
16.Rfd1 Nbd7 17.Ne4 Bc8 18.Nd2 Ba6 19.Bc3 Ng4 20.Bxg7 Kxg7 21.Ne4 Nde5 22.Qc3 Kg8
23.Nd2 Nf6 24.a3 Bb7 25.Nc4 Nxc4 26.bxc4 Bc8 27.e4 Ng4 28.f3 Ne5 29.Nd3 Nxd3
30.Rxd3 Rab7 31.Bf1 Rb2 32.a4 Rb1 33.Re3 Bh3 34.Rxb1 Rxb1 35.Re1 Rxe1 36.Qxe1 Bxf1
37.Qxf1 Qxa4 38.Qe2  1/2-1/2

[Event "Oviedo rapid"]
[Site "Oviedo"]
[Date "1993.??.??"]
[Round "3"]
[White "Etchegaray, Patrice"]
[Black "Leko, Peter"]
[Result "0-1"]
[WhiteElo "2410"]
[BlackElo "2555"]

1.d4 Nf6 2.c4 g6 3.Nc3 d5 4.Nf3 Bg7 5.cxd5 Nxd5 6.e4 Nxc3 7.bxc3 c5 8.Rb1 O-O
9.Be2 cxd4 10.cxd4 Qa5+ 11.Bd2 Qxa2 12.O-O Nd7 13.Bb4 a5 14.Ra1 Qe6 15.Bd3 b6
16.Ba3 Ba6 17.Bxa6 Rxa6 18.Qe2 Raa8 19.Rac1 Rfc8 20.d5 Qf6 21.e5 Nxe5 22.Nxe5 Rxc1
23.Rxc1 Qxe5 24.Qxe5 Bxe5 25.Bxe7 f6 26.d6 Kf7 27.d7 Kxe7 28.Rc8 Kxd7 29.Rxa8 Kc6
30.Kf1 Kb7 31.Rh8 h5 32.Rh7+ Ka6 33.Rh6 Bb2  0-1

[Event "Oviedo rapid"]
[Site "Oviedo"]
[Date "1993.??.??"]
[Round "4"]
[White "Leko, Peter"]
[Black "Ionov, Sergey"]
[Result "1/2-1/2"]
[WhiteElo "2555"]
[BlackElo "2495"]

1.e4 c5 2.Nf3 d6 3.d4 cxd4 4.Nxd4 Nc6 5.Nc3 Qc7 6.g3 a6 7.Bg2 e6 8.O-O Bd7
9.Re1 Be7 10.Nxc6 Bxc6 11.Qg4 h5 12.Qe2 Nf6 13.Bf4 h4 14.a4 hxg3 15.hxg3 O-O
16.Rad1 Rfe8 17.e5 dxe5 18.Bxe5 Qb6 19.Bd4 Qc7 20.Be5 Qb6 21.Bd4 Qc7  1/2-1/2

[Event "Oviedo rapid"]
[Site "Oviedo"]
[Date "1993.??.??"]
[Round "6"]
[White "Leko, Peter"]
[Black "Freijedo Alvarez, Salvador"]
[Result "1-0"]
[WhiteElo "2555"]
[BlackElo "2320"]

1.e4 e6 2.d4 d5 3.Nc3 dxe4 4.Nxe4 Nd7 5.Nf3 Ngf6 6.Nxf6+ Nxf6 7.Bd3 c5 8.dxc5 Bxc5
9.O-O Qc7 10.Qe2 h6 11.Ne5 Bd6 12.Re1 O-O 13.Bf4 b6 14.Rad1 Bb7 15.Bg3 Rad8
16.c3 Kh8 17.Bb1 Bxe5 18.Bxe5 Qc6 19.f3 Qc5+ 20.Bd4 Qg5 21.Qc2 Bxf3 22.Bxf6 Rxd1
23.Qh7+  1-0

[Event "Oviedo rapid"]
[Site "Oviedo"]
[Date "1993.??.??"]
[Round "7"]
[White "Kovacevic, Slobodan"]
[Black "Leko, Peter"]
[Result "1/2-1/2"]
[WhiteElo "2435"]
[BlackElo "2555"]

1.d4 Nf6 2.Nf3 g6 3.c3 Bg7 4.Bg5 Ne4 5.Bf4 O-O 6.e3 d5 7.Nbd2 Nd6 8.Be2 c6
9.a4 a5 10.O-O Bf5 11.Qb3 Na6 12.h3 Re8 13.Rfd1 Qd7 14.Bh2 f6 15.Rac1 Kh8
16.c4 Nb4 17.cxd5 cxd5 18.Nb1 Bxb1 19.Rxb1 Rec8 20.Rbc1 e6 21.Nd2 Bf8 22.Nb1 Rc6
23.Bxd6 Qxd6 24.Bb5 Rc7 25.Rxc7 Qxc7 26.Nc3 f5 27.Rc1 Rc8 28.Qd1 Kg7 29.Ne2 Qd8
30.Nf4 Kf6 31.Nd3 Rc7 32.Nxb4 Bxb4 33.g3 Qc8 34.Rxc7 Qxc7 35.Kg2 h6 36.Kg1 Bd6
37.Kg2 Kg7 38.Be2 g5 39.Bd3 Bb4 40.g4 f4 41.Qe2 fxe3 42.Qxe3 Kf6 43.Qf3+ Qf4
44.Qxf4+ gxf4 45.Kf3 Bd2 46.h4 Bc1 47.b3 b6 48.Bh7 Kg7 49.Bd3 Kf6 50.Bh7 Bb2
51.Kxf4 Bxd4 52.Kg3  1/2-1/2

[Event "Oviedo rapid"]
[Site "Oviedo"]
[Date "1993.??.??"]
[Round "8"]
[White "Leko, Peter"]
[Black "Oltra Caurin, Ramon"]
[Result "1-0"]
[WhiteElo "2555"]
[BlackElo "2395"]

1.e4 c5 2.Nf3 d6 3.d4 cxd4 4.Nxd4 Nf6 5.Nc3 g6 6.Be3 Bg7 7.f3 Nc6 8.Qd2 O-O
9.Bc4 Bd7 10.O-O-O Ne5 11.Bb3 Qa5 12.Kb1 Rfc8 13.h4 Nc4 14.Bxc4 Rxc4 15.Nb3 Qa6
16.e5 Ne8 17.Nd5 Bxe5 18.Nxe7+ Kf8 19.Nd5 Rac8 20.Rc1 Bf5 21.Bh6+ Ng7 22.Ne3 Bf4
23.Bxf4 Rxf4 24.Nd4 Be6 25.a3 h5 26.Nd5 Rxd4 27.Qxd4 Rc4 28.Qd2 Nf5 29.Ne3 Nxe3
30.Qxe3 b5 31.Rhd1 b4 32.Qd3 Bf5 33.Qb3 Rxh4 34.axb4 Qb6 35.Qd5 Qxb4 36.Qxd6+ Qxd6
37.Rxd6 Rh2 38.Rd2 h4 39.Rcd1 Kg7 40.b4 g5 41.Kb2 g4 42.fxg4 Bxg4 43.Rf1 h3
44.Rff2 f5 45.gxh3 Rxf2 46.Rxf2 Bxh3 47.c4 Kf6 48.Kc3 Kg5 49.Kd4  1-0

[Event "Oviedo rapid"]
[Site "Oviedo"]
[Date "1993.??.??"]
[Round "10"]
[White "Leko, Peter"]
[Black "Kakageldyev, Amanmurad"]
[Result "1/2-1/2"]
[WhiteElo "2555"]
[BlackElo "2465"]

1.e4 g6 2.d4 Bg7 3.Nf3 d6 4.Bc4 c6 5.Nbd2 Nf6 6.Qe2 O-O 7.Bb3 a5 8.a4 b6
9.O-O Ba6 10.Bc4 Bxc4 11.Qxc4 d5 12.Qe2 Na6 13.c3 Nc7 14.Re1 Ne6 15.exd5 cxd5
16.Ne5 Rc8 17.Qb5 Bh6 18.Nb3 Bxc1 19.Nxc1 Qd6 20.Ncd3 Ne4 21.f3 Nf6 22.Re2 Nc7
23.Qb3 Rb8 24.Rae1 e6 25.g4 b5 26.g5 Nh5 27.Ng4 b4 28.cxb4 Nf4 29.b5 Nxe2+
30.Rxe2 Rfc8 31.Nc5 Qf4 32.Nf6+ Kg7 33.Qe3 Qxe3+ 34.Rxe3 Nxb5 35.axb5 Rxb5
36.b3 h6 37.h4 hxg5 38.hxg5 Rb4 39.Rd3 e5 40.Nxd5 Rxd4 41.Rxd4 exd4 42.Ne4 Rc1+
43.Kf2 Rc2+ 44.Ke1 d3 45.Nf4 Rc1+ 46.Kd2 Rf1 47.Ke3 Re1+  1/2-1/2

[Event "Oviedo rapid"]
[Site "Oviedo"]
[Date "1993.??.??"]
[Round "12"]
[White "Leko, Peter"]
[Black "Zayac, Elena"]
[Result "1-0"]
[WhiteElo "2555"]
[BlackElo "2340"]

1.e4 e5 2.Nf3 Nc6 3.Bb5 a6 4.Ba4 Nf6 5.O-O Be7 6.Re1 b5 7.Bb3 d6 8.c3 O-O
9.h3 Na5 10.Bc2 c5 11.d4 Qc7 12.Nbd2 Rd8 13.d5 c4 14.Nf1 Nb7 15.N3h2 Nc5
16.Ng3 a5 17.a3 Rb8 18.f4 Bd7 19.Qf3 Nb3 20.Bxb3 cxb3 21.Kh1 Bc8 22.fxe5 dxe5
23.Nf5 Bxf5 24.Qxf5 Nd7 25.Ng4 Qd6 26.Rf1 Rf8 27.Bd2 a4 28.Rae1 Kh8 29.Qf3 Nb6
30.Qd3 Nc4 31.Bc1 Rbc8 32.Rf3 Bd8 33.Ref1 f6 34.Ne3 Nxe3 35.Bxe3 Rc4 36.g4 Re8
37.Kg2 Kg8 38.h4 Qd7 39.Rg3 Be7 40.g5 fxg5 41.Bxg5 Bxg5 42.Rxg5 Qd6 43.Rgf5 Qg6+
44.Kh3 h5 45.Qf3 Qg4+  1-0